000
00212 a2200097 4500
001
25871
100
_a
Ratcliff, A J J
245
_a
Short Stories By H G Wells
260
_a
_b
T. Nelson
_c
090
_c
17489
_d
17489
942
_a
NUST-CAE
_c
M
_c
8323
999
_c
260944
_d
260944